Tratamiento de agua residuales en pequeñas poblaciones.

Bibliographic Details
Main Authors: Crites, Ron, Tchobanoglous, George
Format: Section = Libro
Language:Undetermined
Spanish
Published: Colombia McGraw-Hill 2004
Subjects:
LEADER 00661nam a2200229Ia 4500
008 240829s9999 xx 000 0 und d
020 |a 958-41-0042-4 
040 |a BIBLIOTECA-RUSB/ 628.3 C934 
041 |a spa 
082 |a 628.3 C934 
100 1 |a Crites, Ron  
100 1 |b  Tchobanoglous, George 
245 1 0 |a Tratamiento de agua residuales en pequeñas poblaciones. 
260 |a Colombia  |b McGraw-Hill  |c 2004 
300 |a 776 p. :il. 
650 7 |a TRATAMIENTO Y ELIMINACION DE AGUAS NEGRAS 
650 7 |b  TRATAMIENTO PRIMARIO - PROCESOS 
650 7 |c  TRATAMIENTO BIOLOGICO 
650 7 |d  TANQUES SEPTICOS 
942 |c BK  |2 ddc 
991 |a TEXTO 
999 |c 3815